| Tag |
First Indicator |
Second Indicator |
Subfields |
| LEADER |
00000cas a2200000 a 4500 |
| 001 |
in00002782590 |
| 005 |
20151202171804.0 |
| 008 |
920910c19949999nyuuu 0 a0eng c |
| 010 |
|
|
|a 95640005
|z sn 92005677
|z 2009278580
|
| 015 |
|
|
|a 017457815
|2 dnb
|
| 016 |
7 |
|
|a 1219361-6
|2 DE-600
|
| 016 |
7 |
|
|a 009886224
|2 Uk
|
| 016 |
7 |
|
|a 017457815
|2 de-101
|
| 016 |
7 |
|
|a 12193616
|2 de-600
|
| 022 |
0 |
|
|a 1065-3112
|l 1065-3112
|2 1
|
| 029 |
1 |
|
|a HEBIS
|b 069489688
|
| 029 |
1 |
|
|a GEBAY
|b 2255908
|
| 029 |
1 |
|
|a NZ1
|b 1712067
|
| 029 |
1 |
|
|a ZWZ
|b 070337306
|
| 029 |
1 |
|
|a GBVCP
|b 182591913
|
| 035 |
|
|
|a (OCoLC)ocm26569919
|
| 037 |
|
|
|b AMS Press, Inc., Brooklyn Navy Yard, 63 Flushing Ave., Suite #221, Brooklyn, NY 11205-1005
|
| 040 |
|
|
|a NSD
|c NSD
|d PIT
|d DLC
|d EYM
|d DLC
|d HUL
|d IUL
|d DLC
|d GUA
|d SYS
|d GUA
|d OCLCQ
|d LVB
|d DLC
|d OCLCQ
|d HEBIS
|d GEBAY
|d GBVCP
|d UKMGB
|d UtOrBLW
|
| 042 |
|
|
|a nsdp
|a pcc
|
| 049 |
|
|
|a TXAM
|
| 050 |
0 |
0 |
|a BH151
|b .A17
|
| 082 |
0 |
0 |
|a 909.7
|2 20
|
| 210 |
0 |
|
|a 1650-1850
|b (N.Y.N.Y.)
|
| 222 |
|
0 |
|a 1650-1850
|b (New York, N.Y.)
|
| 245 |
0 |
0 |
|a 1650-1850 :
|b ideas, aesthetics, and inquiries in the early modern era.
|
| 246 |
3 |
0 |
|a Ideas, aesthetics, and inquiries in the early modern era
|
| 246 |
3 |
|
|a Sixteen fifty-eighteen fifty
|
| 264 |
|
1 |
|a New York :
|b AMS Press,
|c [1994-]
|
| 264 |
|
4 |
|c ©1994-
|
| 300 |
|
|
|a volumes :
|b illustrations ;
|c 24 cm.
|
| 336 |
|
|
|a text
|b txt
|2 rdacontent
|
| 337 |
|
|
|a unmediated
|b n
|2 rdamedia
|
| 338 |
|
|
|a volume
|b nc
|2 rdacarrier
|
| 362 |
0 |
|
|a Vol. 1-
|
| 500 |
|
|
|a Latest issue consulted: Volume 19, copyrighted 2012.
|
| 650 |
|
0 |
|a Aesthetics, Modern
|v Periodicals.
|
| 650 |
|
0 |
|a Civilization, Modern
|y 18th century
|x History
|v Periodicals.
|
| 650 |
|
0 |
|a Idea (Philosophy)
|x History
|v Periodicals.
|
| 650 |
|
0 |
|a Nineteenth century
|v Periodicals.
|
| 653 |
|
0 |
|a Geschichte
|a 1650-1850
|
| 776 |
0 |
8 |
|i Online version:
|t 1650-1850
|w (OCoLC)605694944
|
| 776 |
0 |
8 |
|i Online version:
|t 1650-1850
|w (OCoLC)607455325
|
| 850 |
|
|
|a DLC
|a GU
|a InU
|a MiU
|a PPiU
|
| 891 |
0 |
0 |
|9 853
|8 1
|a v.
|i (year)
|w a
|
| 891 |
4 |
0 |
|9 863
|8 1.1
|a 1
|i 1994
|
| 947 |
|
|
|a A14835938471
|
| 945 |
|
|
|a PromptCat
|b 125022
|
| 946 |
|
|
|a stk
|
| 994 |
|
|
|a 92
|b TXA
|
| 948 |
|
|
|a cataloged
|b h
|c 2013/1/7
|d c
|e coplinger
|f (:57:09 am
|
| 999 |
|
|
|a MARS
|
| 999 |
f |
f |
|s c95e20e1-0eeb-34b3-b29b-fe5535cd802d
|i ddc0cf52-0eb2-399d-b60f-c5706064d3ce
|t 0
|
| 952 |
f |
f |
|p ric
|a Texas A&M University
|b Rellis Campus
|c Joint Library Facility
|d Remote Storage
|t 0
|e BH151 .A17
|h Library of Congress classification
|i unmediated -- volume
|k v.19
|l 2012
|m A14835938471
|
| 952 |
f |
f |
|p ric
|a Texas A&M University
|b Rellis Campus
|c Joint Library Facility
|d Remote Storage
|t 0
|e BH151 .A17
|h Library of Congress classification
|i unmediated -- volume
|k v.23
|l 2016
|m A14850073926
|
| 952 |
f |
f |
|p ric
|a Texas A&M University
|b Rellis Campus
|c Joint Library Facility
|d Remote Storage
|t 0
|e BH151 .A17
|h Library of Congress classification
|i unmediated -- volume
|k v.22
|l 2015
|m A14843216467
|
| 998 |
f |
f |
|a BH151 .A17
|s v.22-23 (2015-2016)
|t 0
|l Remote Storage
|